Bandiere del Mondo - America del Nord - Statistics

Statistiche generali
  • Questo quiz è stato fatto 648 volte
  • Il punteggio medio è 17 su 23
Statistiche sulle risposte
con Immagini Risposta % Corretto
Stati Uniti
100%
Canada
96%
Messico
94%
Giamaica
92%
Cuba
88%
Panama
87%
Barbados
81%
Repubblica Dominicana
80%
Costa Rica
76%
Honduras
75%
Saint Lucia
73%
Antigua e Barbuda
72%
Nicaragua
72%
El Salvador
68%
Trinidad e Tobago
68%
Guatemala
67%
Haiti
67%
Bahamas
65%
Belize
65%
Dominica
63%
Saint Kitts e Nevis
61%
Grenada
59%
Saint Vincent e Grenadine
55%
Nessun quiz corrispondente trovato
Distribuzione punteggi
Percentuale di utenti per punteggio
Percentile per numero di risposta
I tuoi punteggi nel tempo
Non hai fatto questo quiz